La fécondité du cinéma israélien (notice n° 1583904)

détails MARC
000 -LEADER
fixed length control field 02397cam a2200205 4500500
005 - DATE AND TIME OF LATEST TRANSACTION
control field 20251228052538.0
041 ## - LANGUAGE CODE
Language code of text/sound track or separate title fre
042 ## - AUTHENTICATION CODE
Authentication code dc
100 10 - MAIN ENTRY--PERSONAL NAME
Personal name Elkabetz, Ronit
Relator term author
245 00 - TITLE STATEMENT
Title La fécondité du cinéma israélien
260 ## - PUBLICATION, DISTRIBUTION, ETC.
Date of publication, distribution, etc. 2005.<br/>
500 ## - GENERAL NOTE
General note 72
520 ## - SUMMARY, ETC.
Summary, etc. ‪This article analyzes the birth and development of sacred or divine kingships in Madagascar. It reassesses Deschamps’ hypothesis which situates the origin of Malagasy kingships in Southeastern Madagascar, a region marked by Islamic influences. It examines the cultural impact of various Indonesian migrants, and the result of their mixing with East African populations, as well as the characteristics of the Antemoro kingdom which formed during the sixteenth century. It describes the ways in which the connection of long-distance trade with internal developments influenced various kingdoms’ trajectories. Although the Southeastern coast, where the Zafiraminia settled, did have historical significance in the development of kingships, this study reveals that the role played therein by the western coast along with the Northern Malagasy region’s cosmopolitan ports has been widely underestimated.‪
520 ## - SUMMARY, ETC.
Summary, etc. Cet article situe historiquement la naissance et le développement des royautés divines ou sacrées de Madagascar, en revisitant l’hypothèse de Deschamps plaçant dans le Sud-Est de l’île — marqué par un apport islamique — l’origine des constructions monarchiques. Il examine l’impact des migrants indonésiens, leur métissage avec des populations d’origine est-africaine, les caractéristiques du royaume antemoro qui se forme au XVIe siècle, et montre comment le lien du commerce au loin avec des développements internes a influé sur les trajectoires des différents royaumes. Il ressort de cette étude que si le rôle du Sud-Est, où les Zafiraminia se sont installés, a effectivement été déterminant sur le plan historique, celui de la côte ouest et des ports cosmopolites du Nord de l’île a été largement sous-estimé.
700 10 - ADDED ENTRY--PERSONAL NAME
Personal name Dhoquois-Cohen, Régine
Relator term author
700 10 - ADDED ENTRY--PERSONAL NAME
Personal name Sharon, Anne-Marie
Relator term author
700 10 - ADDED ENTRY--PERSONAL NAME
Personal name Las, Nelly
Relator term author
786 0# - DATA SOURCE ENTRY
Note Confluences Méditerranée | 54 | 3 | 2005-09-01 | p. 49-59 | 1148-2664
856 41 - ELECTRONIC LOCATION AND ACCESS
Uniform Resource Identifier <a href="https://shs.cairn.info/revue-confluences-mediterranee-2005-3-page-49?lang=fr&redirect-ssocas=7080">https://shs.cairn.info/revue-confluences-mediterranee-2005-3-page-49?lang=fr&redirect-ssocas=7080</a>

Pas d'exemplaire disponible.

PLUDOC

PLUDOC est la plateforme unique et centralisée de gestion des bibliothèques physiques et numériques de Guinée administré par le CEDUST. Elle est la plus grande base de données de ressources documentaires pour les Étudiants, Enseignants chercheurs et Chercheurs de Guinée.

Adresse

627 919 101/664 919 101

25 boulevard du commerce
Kaloum, Conakry, Guinée

Réseaux sociaux

Powered by Netsen Group @ 2025